000 01387nam a2200373 a 4500
001 000015080
003 DO-SdBNP
005 20180320105828.0
007 000015080
008 100201s2001 dr 000 j spa d
020 _a9993454060
040 _aBPMSU
_bspa
_cBPMSU
049 _aBNPD
092 _aRD863.44
_bJ91P
245 0 0 _aJuan Bosch :
_bpremio nacional de literatura 1990 /
_censayo preliminar Diómedes Núñez Polanco ; cronología y bibliografía Guillermo Piña Contreras ; cuidado de edición Andrés Blanco Díaz.
260 _aSanto Domingo :
_bFundación Corripio,
_c2001.
300 _a593 p. ;
_c26 cm.
490 _aPremio nacional de literatura
504 _aIncluye referencias bibliográficas y notas al pie de las páginas
504 _aIncluye bibliografía : [77]-94.
600 1 4 _aBOSCH, JUAN,
_d1909-2001
_tLA MAÑOSA
_xCRÍTICA E INTERPRETACIÓN
600 1 4 _aBOSCH, JUAN,
_xCRONOLOGÍA
650 4 _aNOVELA DOMINICANA
650 4 _aLITERATURA DOMINICANA
700 1 _aNúñez Polanco, Diómedes
700 1 _aPiña Contreras, Guillermo
700 1 _aBlanco Díaz, Andrés,
_eed.
830 _pPremio nacional de literatura
930 1 _lBND01
_mLF1
_820100201
_f01
_pCT
_g9683
942 _2ddc
_cBK
945 _ainventariado, 2018 / dg
956 _aBTAVAREZ
_b10
_c20100413
_lBND01
_h1058
956 _aVMATEO
_b10
_c20150423
_lBND01
_h00151
999 _c7685
_d7685